| 000 | 00425nam a2200145 a 4500 | ||
|---|---|---|---|
| 001 | 000034840 | ||
| 005 | 20200930073933.0 | ||
| 008 | 111020s1947 cu 000 0 spa d | ||
| 040 |
_aDO-SdBNP _bspa _cBNPHU |
||
| 082 |
_axxx _bS468q |
||
| 100 | 1 |
_aSelsam, Howard _960367 |
|
| 245 | 1 | 0 |
_a¿Que es la filosofía? / _cHoward Selsam. |
| 260 |
_aLa Habana : _aBuenos Aires, Argentina : _bPáginas, _c1947. |
||
| 300 |
_a189 p. ; _c20 cm. |
||
| 999 |
_c34331 _d34331 |
||